000 00594nam a2200181Ia 4500
003 GCL
008 140319s9999 xx 000 0 ara d
040 _aGCL /
_cGCL
082 0 4 _a229.4
_bل ح
100 1 _aلطفى محمود عبدالحليم
245 1 0 _aحقوق الانسان بين إعلان الامم المتحدة والقرأن /
_cلطفى محمود عبدالحليم
260 _a[S.N] :
_bالمصباح للنشر والترجمة ،
_c1992
300 _a210 ص
490 _a
650 0 4 _aالمباحث العامة
650 0 4 _aالقران
942 _2ddc
_cBK
999 _c54215
_d54215